000
00306nam a2200121Ia 4500
005
20260326235442.0
008
260326s9999||||xx |||||||||||||| ||und||
100
_a
Humphries, Lund
245
0
_a
Pioneers of Modern furniture /
_c
Lund Humphries
260
_b
Fischer Fine Art
650
_a
MUEBLES
942
_c
BK
999
_c
7464
_d
7464